Engrenagens do Brawl Stars - Statistics

Estatísticas Gerais
  • Esse quiz foi jogado 33 vezes
  • A pontuação média é 7 de 18
Estatísticas das Respostas
Raridade Engrenagem % Correto
Super-rara Velocidade
93%
Super-rara Escudo
90%
Super-rara Visão
77%
Super-rara Dano
73%
Épica Recarga
67%
Super-rara Saúde
50%
Épica Poder do Companheiro
30%
Épica Recarga do Super
27%
Mítica Espinhos Grudentos
23%
Mítica Fumaça Duradoura
20%
Mítica Tempestade de Cansaço
20%
Super-rara Carga do Acessório
17%
Mítica Líquido Pegajoso
17%
Mítica Quadrigêmeos
17%
Mítica Veneno Potente
17%
Mítica Mão Leve
13%
Mítica Mente Sã
10%
Mítica Supertorreta
10%
Nenhum quiz correspondente encontrado
Distribuição das Pontuações
Porcentagem de Pessoas com Cada Pontuação
Percentil de Números Respondidos
Sua Pontuação Histórica
Você não jogou esse quiz